000 00617nam a22002177i 4500
999 _c8341
_d8341
003 URS
005 20220114153246.0
008 170904b xxu||||| |||| 00| 0 eng d
040 _erda
_cURSP-College Library
_beng
082 _a343.0402609599
_bD38 1982
100 1 _aDe Leon, Hector S.
245 _aThe Fundamentals of Taxation
264 1 _aManila
_bRex Book Store
_c1982.
300 _axxii, 292 pages;
_c22cm.
336 _atext
_btxt
_2rdacontent
337 _aunmediated
_bn
_2rdamedia
338 _avolume
_bnc
_2rdacarrier
500 _aIncludes appendix
650 0 _aTaxation
_zPhilippines
942 _2lcc
_cF